000 00711nam a2200241 a 4500
005 20210219152821.0
008 991125n 000 0 eng u
035 _aUPN01000062297
100 1 _aSpekman, Nancy J
222 _aLEARNING DISABILITIES RESEARCH AND PRACTICE
245 _aA exploration of risk and resilience in the lives of individuals with learning disabilities
300 _a11-18
362 0 _a1993 Vol. 8, no. 1
653 0 _aDESARROLLO INFANTIL
653 0 _aFACTORES ECOLOGICOS
653 0 _aPROBLEMAS DE APRENDIZAJE
700 1 _aHerman, Kenneth L.,
700 1 _ecoaut.
700 1 _aGoldberg, Roberta J.,
700 1 _ecoaut.
904 _aAC
_b000108
905 _aArticulo
999 _c61636
_d61636